<?xml version="1.0" encoding="UTF-8"?><?xml-stylesheet type="text/xsl" href="static/style.xsl"?><OAI-PMH xmlns="http://www.openarchives.org/OAI/2.0/" xmlns:xsi="http://www.w3.org/2001/XMLSchema-instance" xsi:schemaLocation="http://www.openarchives.org/OAI/2.0/ http://www.openarchives.org/OAI/2.0/OAI-PMH.xsd"><responseDate>2026-04-27T12:35:02Z</responseDate><request verb="GetRecord" identifier="oai:uvadoc.uva.es:10324/626" metadataPrefix="marc">https://uvadoc.uva.es/oai/request</request><GetRecord><record><header><identifier>oai:uvadoc.uva.es:10324/626</identifier><datestamp>2021-06-22T04:12:46Z</datestamp><setSpec>com_10324_150</setSpec><setSpec>col_10324_151</setSpec></header><metadata><record xmlns="http://www.loc.gov/MARC21/slim" xmlns:doc="http://www.lyncode.com/xoai" xmlns:xsi="http://www.w3.org/2001/XMLSchema-instance" xmlns:dcterms="http://purl.org/dc/terms/" xsi:schemaLocation="http://www.loc.gov/MARC21/slim http://www.loc.gov/standards/marcxml/schema/MARC21slim.xsd">
<leader>00925njm 22002777a 4500</leader>
<datafield tag="042" ind1=" " ind2=" ">
<subfield code="a">dc</subfield>
</datafield>
<datafield tag="720" ind1=" " ind2=" ">
<subfield code="a">Rodríguez, Melchor</subfield>
<subfield code="e">author</subfield>
</datafield>
<datafield tag="260" ind1=" " ind2=" ">
<subfield code="c">1848</subfield>
</datafield>
<datafield tag="024" ind2=" " ind1="8">
<subfield code="a">Alonso-Cortés, 468</subfield>
</datafield>
<datafield tag="024" ind2=" " ind1="8">
<subfield code="a">http://uvadoc.uva.es/handle/10324/626</subfield>
</datafield>
<datafield tag="024" ind2=" " ind1="8">
<subfield code="a">b1514024</subfield>
</datafield>
<datafield tag="024" ind2=" " ind1="8">
<subfield code="a">U/Bc Ms 468</subfield>
</datafield>
<datafield ind1=" " ind2=" " tag="653">
<subfield code="a">Teología - Programas de estudio - Siglo XIX</subfield>
</datafield>
<datafield ind1=" " ind2=" " tag="653">
<subfield code="a">Programas de estudio - España - Siglo XIX</subfield>
</datafield>
<datafield tag="245" ind1="0" ind2="0">
<subfield code="a">Historia Eclesiastica General y Particular de España: Programa  para el 6º año de la Facultad de Sagrada Teología</subfield>
</datafield>
</record></metadata></record></GetRecord></OAI-PMH>